000 00694nam a2200217Ia 4500
003 GCL
008 140319s9999 xx 000 0 ara d
040 _aGCL /
_cGCL
082 0 4 _a025.52
_bا م
100 1 _aاحمد انور عمر
245 1 0 _aالمعنى الاجتماعى للمكتبة /
_cاحمد انور عمر
260 _aالقاهرة :
_bمكتبة النهضة المصرية ،
_c1983
300 _a208 ص ؛
_c16سم
490 _a
650 0 4 _aالخدمة المكتبية
650 0 4 _aالمعارف العامة
650 0 4 _aالمكتبات العامة
650 0 4 _aالمكتبات
650 0 4 _aالمكتبات المدرسية
942 _2ddc
_cBK
999 _c28627
_d28627